Les types de charcuteries - Statistiques

Statistiques générales
  • Ce quiz a été pris 97 fois
  • Le résultat moyen est 9 sur 32
Statistiques - réponses
Réponse % Correct
Saucisse
68%
Mortadelle
62%
Rosette
56%
Jambon cru
55%
Pâté
54%
Salami
53%
Chorizo
50%
Jambon blanc
49%
Bacon
46%
Coppa
41%
Lard
40%
Saucisson sec
36%
Andouille
35%
Boudin noir
31%
Boudin blanc
29%
Rillettes
28%
Merguez
26%
Andouillette
24%
Lardons
23%
Viande des Grisons
19%
Pâté en croûte
18%
Chipolata
15%
Terrine
10%
Pancetta
8%
Pastrami
6%
Speck
6%
Pepperoni
4%
Rillons
4%
Figatellu
3%
Saucisson cuit
3%
Diot
1%
Guanciale
0%
Aucun quiz correspondant
Distribution des résultats
% des personnes avec chaque résultat
Percentile par nombre de réponses
Votre historique - résultats
Vous n’avez pas pris ce quiz